[Event "ITA-ch Seniors 35th"]
[Site "Arco"]
[Date "2013.04.12"]
[Round "1"]
[White "Facchetti, Gianni"]
[Black "Vaselli, Luciano"]
[Result "1-0"]
[WhiteElo "2075"]
[BlackElo "1778"]
[PlyCount "99"]
[EventDate "2013.04.12"]
[EventType "swiss"]
[EventRounds "9"]
[EventCountry "ITA"]
[SourceTitle "CBM 154 Extra"]
[Source "ChessBase"]
[SourceDate "2013.06.25"]
[SourceVersion "2"]
[SourceVersionDate "2013.06.25"]
[SourceQuality "1"]

1. e4 c6 2. d4 d5 3. f3 e6 4. Nc3 g6 5. Be3 Bg7 6. Nge2 Nd7 7. Qd2 a5 8. a4 b6 9. Nc1 Ne7 10. Be2 0-0 11. 0-0 Nf6 12. Nd3 Ba6 13. Rad1 Rc8 14. Nf2 Bxe2 15. Qxe2 Qc7 16. e5 Nd7 17. Bg5 Rfe8 18. Qd2 Qb7 19. Ng4 Kh8 20. Nh6 Bxh6 21. Bxh6 Ng8 22. Bg5 f6 23. exf6 Ndxf6 24. Rfe1 Qf7 25. Re2 Rc7 26. Bf4 Rce7 27. Be5 h6 28. Rde1 Kh7 29. Qf4 g5 30. Qd2 Kg7 31. Qd3 h5 32. Nd1 Nh6 33. Nf2 Nf5 34. g4 Nh6 35. h3 Qg6 36. Bd6 Qxd3 37. Nxd3 Rd7 38. Ba3 hxg4 39. hxg4 b5 40. axb5 cxb5 41. Bc5 Rc7 42. Rxe6 Rxe6 43. Rxe6 Nf7 44. Ra6 Nd7 45. Rxa5 Nxc5 46. dxc5 Rb7 47. Kf2 Nd8 48. Nb4 d4 49. c6 Rc7 50. Rxb5 1-0

[Event "Donoratico op-A"]
[Site "Donoratico"]
[Date "2011.04.30"]
[Round "3"]
[White "Minikh, Eduard"]
[Black "Vaselli, Luciano"]
[Result "1-0"]
[WhiteElo "1923"]
[BlackElo "1703"]
[PlyCount "64"]
[EventDate "2011.04.29"]
[EventType "swiss"]
[EventRounds "5"]
[EventCountry "ITA"]
[SourceTitle "EXT 2015"]
[Source "ChessBase"]
[SourceDate "2014.11.20"]
[SourceVersion "1"]
[SourceVersionDate "2014.11.20"]
[SourceQuality "1"]

1. d4 d5 2. c4 c6 3. Nc3 dxc4 4. a4 Nf6 5. Nf3 Nd5 6. e4 Nxc3 7. bxc3 b5 8. Ne5 Be6 9. axb5 cxb5 10. d5 f6 11. Nxc4 Bd7 12. Na3 Qb6 13. Be3 Qb7 14. Rb1 a6 15. Nc4 Qc7 16. Nb6 Ra7 17. Nxd7 Nxd7 18. Bxa7 Qxa7 19. c4 e6 20. d6 Qc5 21. cxb5 Bxd6 22. Be2 0-0 23. bxa6 f5 24. 0-0 fxe4 25. Rb5 Qc7 26. h3 Nb6 27. Qc1 Qd8 28. Bg4 Rf6 29. Qc6 e3 30. Qxb6 exf2+ 31. Rxf2 Qf8 32. Rxf6 Qxf6 1-0

[Event "Donoratico op-A"]
[Site "Donoratico"]
[Date "2011.04.30"]
[Round "2"]
[White "Vaselli, Luciano"]
[Black "Scali, Fausto"]
[Result "0-1"]
[WhiteElo "1703"]
[BlackElo "1964"]
[PlyCount "70"]
[EventDate "2011.04.29"]
[EventType "swiss"]
[EventRounds "5"]
[EventCountry "ITA"]
[SourceTitle "EXT 2015"]
[Source "ChessBase"]
[SourceDate "2014.11.20"]
[SourceVersion "1"]
[SourceVersionDate "2014.11.20"]
[SourceQuality "1"]

1. d4 d5 2. Nf3 Nf6 3. e3 Bf5 4. Bd3 Bxd3 5. cxd3 c6 6. 0-0 e6 7. Nc3 Be7 8. Qe2 0-0 9. e4 dxe4 10. dxe4 Nbd7 11. Bg5 h6 12. Bh4 Ne8 13. Bxe7 Qxe7 14. Rfe1 Nb6 15. Rad1 Nc7 16. Ne5 Rfd8 17. Rd3 Nd7 18. Ng4 Nf6 19. Nxf6+ Qxf6 20. e5 Qe7 21. Qg4 Rd7 22. Ne4 Kh7 23. h4 Rad8 24. Ree3 Nb5 25. Rg3 Qf8 26. Ng5+ Kg8 27. Nf3 c5 28. Qf4 Kh8 29. d5 Rxd5 30. Rxd5 Rxd5 31. Ng5 hxg5 32. Rxg5 Rd4 33. Qf3 Rxh4 34. Qxb7 Qd8 35. Qf3 Qxg5 0-1

[Event "Donoratico op-A"]
[Site "Donoratico"]
[Date "2011.04.29"]
[Round "1"]
[White "Vaselli, Luciano"]
[Black "Gori, Marco"]
[Result "1-0"]
[WhiteElo "1703"]
[BlackElo "1930"]
[PlyCount "105"]
[EventDate "2011.04.29"]
[EventType "swiss"]
[EventRounds "5"]
[EventCountry "ITA"]
[SourceTitle "EXT 2015"]
[Source "ChessBase"]
[SourceDate "2014.11.20"]
[SourceVersion "1"]
[SourceVersionDate "2014.11.20"]
[SourceQuality "1"]

1. d4 d5 2. Nf3 Nf6 3. e3 Bg4 4. Bd3 e6 5. Nbd2 Nc6 6. 0-0 Nb4 7. Be2 Bf5 8. Ne1 c5 9. c3 Nc6 10. Ndf3 c4 11. a4 Na5 12. Nd2 Ne4 13. Nef3 Be7 14. Nxe4 Nb3 15. Ra2 Bxe4 16. Nd2 Nxd2 17. Bxd2 0-0 18. b3 Rc8 19. bxc4 dxc4 20. f3 Bg6 21. e4 f5 22. e5 f4 23. Qc1 Rc7 24. Bxf4 Rxf4 25. Qxf4 Bg5 26. Qg3 Bh4 27. Qh3 Bf5 28. g4 Qg5 29. f4 Qh6 30. Kh1 Be4+ 31. Bf3 Qxf4 32. Bxe4 Qxe4+ 33. Qf3 Qxf3+ 34. Rxf3 Rf7 35. Rxf7 Kxf7 36. Rb2 Be1 37. Rxb7+ Kg6 38. Rc7 Bxc3 39. Rxc4 Bb2 40. Kg2 Kg5 41. Kg3 a5 42. Rc6 Bxd4 43. Rxe6 g6 44. h4+ Kh6 45. Re7 g5 46. h5 Bc5 47. Rd7 Bf8 48. Kf3 Bb4 49. Ke4 Bf8 50. Kf5 Be7 51. Ke6 Bf6 52. Rd5 Bh8 53. Kd6 1-0

[Event "Recco op-B 4th"]
[Site "Recco"]
[Date "2010.11.27"]
[Round "2"]
[White "Restifo, Katiuscia Dolores"]
[Black "Vaselli, Luciano"]
[Result "1-0"]
[WhiteElo "1829"]
[BlackElo "1732"]
[PlyCount "31"]
[EventDate "2010.11.26"]
[EventType "swiss"]
[EventRounds "5"]
[EventCountry "ITA"]
[SourceTitle "EXT 2023"]
[Source "ChessBase"]
[SourceDate "2022.10.05"]
[SourceVersion "1"]
[SourceVersionDate "2022.10.05"]
[SourceQuality "1"]

1. e4 c6 2. d4 d5 3. Nc3 dxe4 4. Nxe4 Nd7 5. Nf3 Ngf6 6. Ng3 e6 7. Bd3 Bd6 8. Qe2 Qc7 9. Nf5 0-0 10. Nxd6 Qxd6 11. 0-0 b6 12. Bg5 Bb7 13. Rad1 Nd5 14. Qe3 N5f6 15. Nh4 Rfd8 16. Rfe1 1-0

[Event "Wch Seniors 20th"]
[Site "Arco"]
[Date "2010.11.04"]
[Round "9"]
[White "Vaselli, Luciano"]
[Black "Rotelli, Pietro"]
[Result "0-1"]
[WhiteElo "1732"]
[BlackElo "1959"]
[PlyCount "62"]
[EventDate "2010.10.26"]
[EventType "swiss"]
[EventRounds "11"]
[EventCountry "ITA"]
[SourceTitle "EXT 2011"]
[Source "ChessBase"]
[SourceDate "2010.11.26"]
[SourceVersion "1"]
[SourceVersionDate "2010.11.26"]
[SourceQuality "1"]

1. d4 d5 2. Nf3 Nf6 3. c4 c6 4. e3 e6 5. Nc3 a6 6. Bd3 dxc4 7. Bxc4 b5 8. Bd3 Bb7 9. 0-0 Be7 10. Qe2 Nbd7 11. Bd2 0-0 12. Rac1 Rc8 13. e4 c5 14. dxc5 Nxc5 15. Bb1 b4 16. Nd1 Ncxe4 17. Rxc8 Qxc8 18. Ne3 Nxd2 19. Nxd2 Rd8 20. Ndc4 Qa8 21. Rd1 g6 22. h3 Rxd1+ 23. Qxd1 Qd8 24. Qxd8+ Bxd8 25. Nd6 Bd5 26. b3 a5 27. Nec4 Nd7 28. f3 Kf8 29. Kf2 Ke7 30. Be4 Nb6 31. Nxb6 Bxb6+ 0-1

[Event "Wch Seniors 20th"]
[Site "Arco"]
[Date "2010.11.01"]
[Round "6"]
[White "Vaselli, Luciano"]
[Black "Neri, Angelo"]
[Result "0-1"]
[WhiteElo "1732"]
[BlackElo "1900"]
[PlyCount "100"]
[EventDate "2010.10.26"]
[EventType "swiss"]
[EventRounds "11"]
[EventCountry "ITA"]
[SourceTitle "EXT 2011"]
[Source "ChessBase"]
[SourceDate "2010.11.26"]
[SourceVersion "1"]
[SourceVersionDate "2010.11.26"]
[SourceQuality "1"]

1. d4 d5 2. c4 c6 3. Nc3 Nf6 4. Nf3 dxc4 5. a4 e6 6. Bg5 Qa5 7. Bxf6 gxf6 8. e4 Bb4 9. Rc1 b5 10. Be2 Bb7 11. 0-0 Bxc3 12. Rxc3 Qc7 13. b3 Qa5 14. Qc1 cxb3 15. axb5 cxb5 16. Rxb3 a6 17. Rc3 Nd7 18. Rd1 Ke7 19. d5 exd5 20. exd5 Rhg8 21. Nd4 Rg6 22. Nf5+ Kf8 23. Nd6 Qb6 24. Nxb7 Qxb7 25. Rc7 Qb8 26. Rxd7 Qe5 27. Bf3 Re8 28. Kf1 Qxh2 29. g3 Qh3+ 30. Bg2 Qxd7 31. Qc6 Qxc6 32. dxc6 Rc8 33. Rd7 f5 34. Bd5 Rf6 35. Rb7 Rfxc6 36. Bxc6 Rxc6 37. Ke2 Rd6 38. Ke3 Kg7 39. Kf4 Kf6 40. f3 h6 41. Rb8 Rc6 42. g4 Rc4+ 43. Kg3 fxg4 44. fxg4 Re4 45. Kh4 Re6 46. Kh5 Ke5 47. Rc8 Rb6 48. Rc5+ Kd4 49. Rf5 b4 50. Rxf7 b3 0-1

[Event "Arco op 32nd"]
[Site "Arco"]
[Date "2010.10.24"]
[Round "9"]
[White "Vaselli, Luciano"]
[Black "Varzi, Florian"]
[Result "1-0"]
[WhiteElo "1732"]
[BlackElo "1570"]
[PlyCount "45"]
[EventDate "2010.10.16"]
[EventType "swiss"]
[EventRounds "9"]
[EventCountry "ITA"]
[SourceTitle "EXT 2024"]
[Source "ChessBase"]
[SourceDate "2023.10.10"]
[SourceVersion "1"]
[SourceVersionDate "2023.10.10"]
[SourceQuality "1"]

1. d4 d5 2. c4 e6 3. Nc3 Nf6 4. Bg5 Be7 5. e3 0-0 6. Nf3 Nh5 7. Bxe7 Qxe7 8. cxd5 exd5 9. Nxd5 Qd6 10. Nc3 Re8 11. Be2 Qg6 12. Nh4 Qg5 13. Bxh5 Qxh4 14. Bf3 Rxe3+ 15. Kf1 Re8 16. Qd2 Be6 17. Re1 c6 18. Re4 Qf6 19. h4 Nd7 20. Rf4 Qe7 21. d5 cxd5 22. Nxd5 Qd6 23. Nf6+ 1-0

[Event "Arco op 32nd"]
[Site "Arco"]
[Date "2010.10.20"]
[Round "5"]
[White "Vaselli, Luciano"]
[Black "Marshall, Michael"]
[Result "0-1"]
[WhiteElo "1732"]
[BlackElo "1878"]
[PlyCount "74"]
[EventDate "2010.10.16"]
[EventType "swiss"]
[EventRounds "9"]
[EventCountry "ITA"]
[SourceTitle "EXT 2024"]
[Source "ChessBase"]
[SourceDate "2023.10.10"]
[SourceVersion "1"]
[SourceVersionDate "2023.10.10"]
[SourceQuality "1"]

1. d4 Nf6 2. c4 e6 3. Nc3 Bb4 4. f3 d5 5. e3 Bxc3+ 6. bxc3 0-0 7. Bd3 b6 8. Ne2 Bb7 9. 0-0 Re8 10. Ng3 c5 11. Bb2 Nc6 12. e4 Ne7 13. e5 Nd7 14. f4 g6 15. Qg4 Kh8 16. h4 Nf5 17. Nxf5 gxf5 18. Qh5 Rg8 19. Rf2 Rg6 20. Kh2 Qe7 21. cxd5 Rag8 22. Rg1 Bxd5 23. c4 Bb7 24. d5 Qf8 25. Be2 Rh6 26. Qxh6 Qxh6 27. g3 Qf8 28. g4 Qe7 29. Kh3 fxg4+ 30. Bxg4 h5 31. d6 hxg4+ 32. Rxg4 Qd8 33. Rxg8+ Qxg8 34. f5 Be4 35. fxe6 fxe6 36. Bc1 Qg1 37. Be3 Bf5+ 0-1

[Event "Arco op 32nd"]
[Site "Arco"]
[Date "2010.10.17"]
[Round "2"]
[White "Varadi, Benedek"]
[Black "Vaselli, Luciano"]
[Result "1-0"]
[WhiteElo "1950"]
[BlackElo "1732"]
[PlyCount "49"]
[EventDate "2010.10.16"]
[EventType "swiss"]
[EventRounds "9"]
[EventCountry "ITA"]
[SourceTitle "EXT 2024"]
[Source "ChessBase"]
[SourceDate "2023.10.10"]
[SourceVersion "1"]
[SourceVersionDate "2023.10.10"]
[SourceQuality "1"]

1. d4 d5 2. c4 e6 3. Nc3 f5 4. g3 Nf6 5. Bg2 c6 6. Nh3 Bd6 7. 0-0 0-0 8. Bf4 Bxf4 9. Nxf4 Qe7 10. Qc2 Ne4 11. f3 Nxc3 12. Qxc3 g5 13. Nd3 Nd7 14. e4 dxc4 15. Qxc4 f4 16. Rae1 Qf7 17. Bh3 Re8 18. Re2 Nb6 19. Qc5 Qe7 20. gxf4 gxf4 21. Rg2+ Kf8 22. Qe5 Qf7 23. Qg5 Re7 24. Ne5 Qg7 25. Qxf4+ 1-0

[Event "ITA-ch Seniors 31st"]
[Site "Arvier"]
[Date "2009.04.30"]
[Round "7"]
[White "Vaselli, Luciano"]
[Black "Fragni, Enrico"]
[Result "0-1"]
[WhiteElo "1764"]
[BlackElo "1751"]
[PlyCount "164"]
[EventDate "2009.04.24"]
[EventType "swiss"]
[EventRounds "9"]
[EventCountry "ITA"]
[SourceTitle "EXT 2011"]
[Source "ChessBase"]
[SourceDate "2010.11.26"]
[SourceVersion "1"]
[SourceVersionDate "2010.11.26"]
[SourceQuality "1"]

1. d4 c6 2. c4 d6 3. e4 Qc7 4. Nc3 e5 5. d5 Nf6 6. Nge2 Bg4 7. f3 Bh5 8. g4 Bg6 9. Ng3 h6 10. h4 Na6 11. Be3 Be7 12. Qd2 h5 13. g5 Nd7 14. Bh3 Nb6 15. b3 Nc5 16. 0-0 a5 17. Rad1 a4 18. Bxc5 dxc5 19. d6 Qd8 20. dxe7 Qxe7 21. Qd6 axb3 22. axb3 Qxd6 23. Rxd6 Ke7 24. Rfd1 Ra1 25. Rxa1 Kxd6 26. Rd1+ Kc7 27. Na4 Nxa4 28. bxa4 Ra8 29. Rd7+ Kb6 30. Bf5 Rxa4 31. Bxg6 fxg6 32. Rxg7 Rxc4 33. Rxg6 Rd4 34. Ne2 Rd3 35. Rf6 c4 36. g6 Rd8 37. g7 Rg8 38. Rf7 Ka6 39. Kf1 b5 40. Ke1 b4 41. Kd2 Kb5 42. Kc2 Ka4 43. Ra7+ Kb5 44. Nc1 Kb6 45. Re7 c5 46. Kb2 Kc6 47. Re6+ Kb5 48. Rg6 Ka4 49. Na2 Kb5 50. Rg5 Ka4 51. Rxe5 Rxg7 52. Rxc5 Rg2+ 53. Kb1 Kb3 54. f4 Rg1+ 55. Nc1+ Kc3 56. e5 b3 57. Rxc4+ Kxc4 58. Kb2 Rf1 59. e6 Rxf4 60. Nxb3 Rf2+ 61. Ka3 Re2 62. Na5+ Kb5 63. Nb7 Rxe6 64. Nd8 Re4 65. Kb3 Rxh4 66. Kc3 Rg4 67. Nf7 h4 68. Kd3 h3 69. Ne5 Rg8 70. Nf3 Rg3 71. Ke2 h2 72. Kf2 h1Q 73. Kxg3 Qh8 74. Kg2 Kc5 75. Kf2 Qe8 76. Kg2 Kc4 77. Kf2 Kc3 78. Kg2 Kd3 79. Kf2 Qe2+ 80. Kg3 Ke3 81. Nh2 Qf2+ 82. Kh3 Kf4 0-1

[Event "ITA-ch Seniors 31st"]
[Site "Arvier"]
[Date "2009.04.29"]
[Round "6"]
[White "Deiana, Giacomo"]
[Black "Vaselli, Luciano"]
[Result "0-1"]
[WhiteElo "1724"]
[BlackElo "1764"]
[PlyCount "56"]
[EventDate "2009.04.24"]
[EventType "swiss"]
[EventRounds "9"]
[EventCountry "ITA"]
[SourceTitle "EXT 2011"]
[Source "ChessBase"]
[SourceDate "2010.11.26"]
[SourceVersion "1"]
[SourceVersionDate "2010.11.26"]
[SourceQuality "1"]

1. Nf3 d5 2. g3 e6 3. Bg2 f5 4. d3 Nf6 5. 0-0 Bd6 6. Nbd2 0-0 7. c4 c6 8. Qc2 f4 9. e4 fxe3 10. fxe3 Ng4 11. Nb3 e5 12. e4 a5 13. Bg5 Qc7 14. a4 dxe4 15. dxe4 Na6 16. Kh1 Be6 17. Rac1 h6 18. Bd2 Nb4 19. Bxb4 Bxb4 20. Qe2 Rad8 21. h3 Nf6 22. Nh4 Ne8 23. Rxf8+ Bxf8 24. Nd2 Qd7 25. Ndf3 Bxh3 26. Nxe5 Bxg2+ 27. Kxg2 Qd2 28. Kf3 Qxc1 0-1

[Event "ITA-ch Seniors 31st"]
[Site "Arvier"]
[Date "2009.04.26"]
[Round "3"]
[White "Vaselli, Luciano"]
[Black "Antonelli, Fabrizio"]
[Result "1/2-1/2"]
[WhiteElo "1764"]
[BlackElo "2024"]
[PlyCount "100"]
[EventDate "2009.04.24"]
[EventType "swiss"]
[EventRounds "9"]
[EventCountry "ITA"]
[SourceTitle "EXT 2011"]
[Source "ChessBase"]
[SourceDate "2010.11.26"]
[SourceVersion "1"]
[SourceVersionDate "2010.11.26"]
[SourceQuality "1"]

1. d4 d5 2. c4 e5 3. dxe5 d4 4. Nf3 Nc6 5. g3 Bf5 6. a3 a5 7. Bg5 Nge7 8. Nbd2 Qd7 9. Nb3 Rd8 10. Nc5 Qc8 11. Nd3 h6 12. Bxe7 Bxe7 13. Bg2 0-0 14. 0-0 Qe6 15. Rc1 g5 16. Re1 Rfe8 17. Qb3 Bf8 18. h4 Bxd3 19. exd3 g4 20. Nh2 Nxe5 21. Re4 Qg6 22. Rce1 f6 23. Qxb7 Qg7 24. Qb3 h5 25. Qd1 Re7 26. f4 gxf3 27. Nxf3 Qxg3 28. Nxe5 Rxe5 29. Qf3 Qxf3 30. Bxf3 Rxe4 31. Rxe4 Rb8 32. Re2 Rb3 33. Bd5+ Kg7 34. Rg2+ Kh6 35. Be4 Bd6 36. Rg6+ Kh7 37. Rxf6+ Kg7 38. Rg6+ Kf8 39. Rg2 Ke7 40. Kf1 Kf6 41. Rf2+ Ke7 42. Re2 Kf6 43. Kg2 Rb8 44. Rf2+ Ke6 45. Rf5 Rxb2+ 46. Kf3 Bxa3 47. Rxa5 Bd6 48. Rxh5 Rh2 49. Rh7 Rh3+ 50. Ke2 Rh2+ 1/2-1/2